Normal view
MARC view
- Arte y sociedad
Entry Materia
001 - NÚMERO DE CONTROL DEL REGISTRO
- campo de control: 2741
003 - IDENTIFICADOR DE NUMERO DE CONTROL
- campo de control: UPN
005 - FECHA Y HORA DE LA ÚLTIMA TRANSACCIÓN
- campo de control: 20230308100855.0
008 - DATOS DE LONGITUD FIJA
- campo de control de longitud fija: 230308n||acnnnbabn a ana |d
035 ## - NÚMERO DE CONTROL DEL SISTEMA
- Número de control del sistema: UPN10000002741
040 ## - FUENTE DE LA CATALOGACIÓN
- Centro catalogador de origen: UPN
- Lengua de catalogación: spa
- Agencia de transcripción: UPN
046 ## - FECHAS CON CODIFICACIÓN ESPECIAL
- Fecha final para contenidos agregados: 2023
053 #4 - NÚMERO CLASIFICADOR - BIBLIOTECA DEL CONGRESO (LC)
- Elemento numérico de la clasificación - Número único o no. inicial del rango: N72 S6
150 ## - ENCABEZAMIENTO - TEMÁTICO
- Término de materia o nombre geográfico como elemento inicial: Arte y sociedad
450 ## - VÉASE - MATERIA
- Encabezamiento temático: Sociología y arte
450 ## - VÉASE - MATERIA
- Encabezamiento temático: Sociedad y arte
670 ## - FUENTE EN LA QUE SE LOCALIZARON DATOS
- Cita de la fuente: DGB UNAM, 8 marzo 2023:
- Información localizada: (Arte y sociedad)
902 ## - CATALOGADOR
- Catalogador: MEEG/231096
